Missing Word: 'W' Names Quiz Stats

 Plays Quiz Updated Jun 20, 2018

Score 0/24 Timer 02:00
6 Plays Today
Full Name Missing Name % Correct
_____ ChurchillWinston
94.8%
_____ CronkiteWalter
90.5%
_____ the ConquerorWilliam
88.6%
Bruce _____Wayne
86.7%
_____ WilsonWoodrow
85.4%
_____ AllenWoody
83.1%
_____ BeattyWarren
81.6%
_____ EarpWyatt
79.7%
Andy _____Warhol
78.3%
_____ DarlingWendy
74.5%
Brian _____Wilson
73.9%
Eli _____Whitney
67.4%
Full Name Missing Name % Correct
Muddy _____Waters
65.4%
Walt _____Whitman
64.6%
Mark _____Wahlberg
59.1%
Christopher _____Walken
56.9%
William _____Wallace
53.2%
Wil _____Wheaton
40.9%
_____ CleaverWard
38.8%
George _____Washington
37.7%
John _____Wesley
31.2%
Lech _____Wałęsa
30.9%
Richard _____Wagner
28%
Bill _____Watterson
11.4%

Today's Daily Dose

You're not logged in!

Compare scores with friends on all Sporcle quizzes.
OR
Log In

You Might Also Like...

Show Comments

Extras

Top Quizzes Today


Score Distribution

Your Account Isn't Verified!

In order to create a playlist on Sporcle, you need to verify the email address you used during registration. Go to your Sporcle Settings to finish the process.

Report this User

Report this user for behavior that violates our Community Guidelines.

Details: